1275 1597 1971 1776 1617 1626 1838 1160 1327 1476 1900 1316 1303 1708 1703 1944 1778 1709 1527 1321 1290 1732 1116 1267 1064 1853 1009 1733 1949 1750 1705 1630 1234 1230 1823 1905 1499 1240 1529 1057 1250 1556 1079 1572 1730 1680 1014 1918 1648 1010 1700 1584 1552 1814 1331 1674 1783 1841 1519 1891 1734 1684 1881 1998 1751 1000 1923 1650 1408 1555 1335 1321 1458 1980 1574 1225 1441 1056 1512 1851 1061 1713 1435 1459 1827 1583 1242 1279 1065 1677 1129 1949 1812 1894 1059 1586 1596 1105 1662 BCNSPRNW ULIB Ver.6.0+V

เปลี่ยนเป็นภาษาไทย

Change to English
 แสดงรายละเอียดบรรณานุกรม
  กลับหน้าหลัก

Brief Record : Get Marc (ISO 2709) : E-mail record : QR code < ปิดหน้าต่าง
LEADER : 00000nam 2200000uu 4500
001    13399124556
003     ULIB
008    150920s2558||||th 000 0 tha d
020    ^a9789746729314
060 04 ^aWY157^bน419ก
100 0  ^aนันทพร แสนศิริพันธ์
245 00 ^aการพยาบาลในระยะคลอด : แนวคิด ทฤษฎี สู่การปฏิบัติ /^cนันทพร แสนศิริพันธ์
250    ^aพิมพ์ครั้งที่ 1 ( ราคา 290 บาท )
260    ^aเชียงใหม่ :^bโครงการตำรา คณะพยาบาลศาสตร์ มหาวิทยาลัยเชียงใหม่,^c2558
300    ^a293 หน้า :^bภาพประกอบ ; ตาราง ;^c26 ซม.
505 0  ^aบทที่ 1 การคลอด
505 0  ^aบทที่ 2 การเปลี่ยนแปลงทางสรีรวิทยาในระยะคลอด
505 0  ^aบทที่ 3 การเปลี่ยนแปลงด้านจิตสังคมและพฤติกรรมการเผชิญภาวะเครียดในระยะคลอด
505 0  ^aบทที่ 4 ความเจ็บปวดในระยะคลอดและการจัดการความเจ็บปวด
505 0  ^aบทที่ 5 กลไกการคลอดปกติ
505 0  ^aบทที่ 6 การพยาบาลผู้คลอดในระยะที่หนึ่งของการคลอด
505 0  ^aบทที่ 7 การพยาบาลผู้คลอดในระยะที่สองของการคลอด
505 0  ^aบทที่ 8 การทำคลอด
505 0  ^aบทที่ 9 การพยาบาลผู้คลอดในระยะที่สามและระยะที่สี่ของการคลอด
505 0  ^aบทที่ 10 การพยาบาลทารกแรกเกิดปกติในระยะแรกหลังคลอด
650  7 ^aการพยาบาลในระยะคลอด
650  7 ^aการพยาบาลสูติศาสตร์
700 0  ^aสุกัญญา ปริสัญญกุล
945    ^p290^l0^i23150
945    ^p290^l0^i23149
945    ^p290^l0^i23148
945    ^p290^l0^i23147
945    ^p290^l0^i23146
945    ^p290^l0^i23145
945    ^p290^l0^i23144
945    ^p290^l0^i23143
945    ^p290^l0^i23142
945    ^p290^l0^i23141
999    ^aทศพร เกษรทอง
รายการนี้ยังไม่มีแท็ก
คุณยังไม่ได้ล็อกอิน คุณสามารถมีกิจกรรมร่วมกับเว็บไซต์ได้ แต่ต้องล็อกอินก่อน ::
  ล็อกอิน

รายการสื่อสารสนเทศ

ลำดับที่ ประเภท เลขเรียก/บาร์โค้ด สถานที่ สถานะ
1. Book การพยาบาล
หนังสือสำรอง
สถานะ=หนังสือสำรอง
WY157 น419ก ฉ.1 
  Barcode: 23141
ห้องสมุดวิทยาเขตนครสวรรค์
►ส่วนจัดเก็บหนังสือเก่า นว.
บนชั้น
  ขอยืม
2. Book การพยาบาล
Book การพยาบาล
WY157 น419ก ฉ.10 
  Barcode: 23150
ห้องสมุดวิทยาเขตนครสวรรค์
►ส่วนจัดเก็บหนังสือเก่า นว.
บนชั้น
  ขอยืม
3. Book การพยาบาล
Book การพยาบาล
WY157 น419ก ฉ.2 
  Barcode: 23142
ห้องสมุดวิทยาเขตนครสวรรค์
►ส่วนจัดเก็บหนังสือเก่า นว.
บนชั้น
  ขอยืม
4. Book การพยาบาล
Book การพยาบาล
WY157 น419ก ฉ.3 
  Barcode: 23143
ห้องสมุดวิทยาเขตนครสวรรค์
►ส่วนจัดเก็บหนังสือเก่า นว.
บนชั้น
  ขอยืม
5. Book การพยาบาล
Book การพยาบาล
WY157 น419ก ฉ.4 
  Barcode: 23144
ห้องสมุดวิทยาเขตนครสวรรค์
►ส่วนจัดเก็บหนังสือเก่า นว.
บนชั้น
  ขอยืม
6. Book การพยาบาล
Book การพยาบาล
WY157 น419ก ฉ.5 
  Barcode: 23145
ห้องสมุดวิทยาเขตนครสวรรค์
►ส่วนจัดเก็บหนังสือเก่า นว.
บนชั้น
  ขอยืม
7. Book การพยาบาล
Book การพยาบาล
WY157 น419ก ฉ.6 
  Barcode: 23146
ห้องสมุดวิทยาเขตนครสวรรค์
►ส่วนจัดเก็บหนังสือเก่า นว.
บนชั้น
  ขอยืม
8. Book การพยาบาล
Book การพยาบาล
WY157 น419ก ฉ.7 
  Barcode: 23147
ห้องสมุดวิทยาเขตนครสวรรค์
►ส่วนจัดเก็บหนังสือเก่า นว.
บนชั้น
  ขอยืม
9. Book การพยาบาล
Book การพยาบาล
WY157 น419ก ฉ.8 
  Barcode: 23148
ห้องสมุดวิทยาเขตนครสวรรค์
►ส่วนจัดเก็บหนังสือเก่า นว.
บนชั้น
  ขอยืม
10. Book การพยาบาล
Book การพยาบาล
WY157 น419ก ฉ.9 
  Barcode: 23149
ห้องสมุดวิทยาเขตนครสวรรค์
►ส่วนจัดเก็บหนังสือเก่า นว.
บนชั้น
  ขอยืม

รายการใกล้เคียง
    ผู้แต่ง [นันทพร แสนศิริพันธ์]

    หัวเรื่อง [การพยาบาลในระยะคลอด]
    หัวเรื่อง [การพยาบาลสูติศาสตร์]

BibComment


ยังไม่เคยถูกคอมเมนท์

คอมเมนท์ทรัพยากรรายการนี้
  คอมเมนท์: การพยาบาลในระยะค..


 Copyright 2026. Bcnsprnw @Library